000 01072nam a2200301 i 4500
001 13058
003 KOSZ 005
005 20240405063016.0
008 070608s1970 pl a g 000 0 pol
015 _aPB 1971/24
040 _aWA N
_cWA N
_dKOSZ 005/ID
080 _a943.8:323.2(438)+355.48(438:430)
100 1 _aHillebrandt, Bogdan
_d(1931- )
_eAutor
245 1 0 _aMłodzież Warszawy w walce z hitlerowskim okupantem /
_cBogdan Hillebrandt.
260 _aWarszawa :
_b"Wiedza Powszechna",
_c1970.
300 _a353, [3] s., [10] k. tabl. :
_bil. ;
_c18 cm.
380 _aKsiążki.
504 _aBibliogr. s. 349-[354].
650 4 _aMłodzież
651 4 _aWarszawa (woj. mazowieckie)
648 4 _a1901-2000
651 4 _aPolska
648 4 _a1939-1945
650 4 _aII wojna światowa (1939-1945)
710 2 _aPaństwowe Wydawnictwo Wiedza Powszechna
_4pbl.
856 _uhttp://koha.tu.koszalin.pl/cgi-bin/koha/opac-detail.pl?biblionumber=13058
_yKatalog online BPK
942 _2UKD
_cKS
999 _c13058
_d13058